| 000 | 00469nam a22001697a 4500 | ||
|---|---|---|---|
| 005 | 20230816162527.0 | ||
| 008 | 230816b |||||||| |||| 00| 0 eng d | ||
| 020 | _a9781292191669 | ||
| 082 | _a512.02433 | ||
| 100 | _aJacques, Ian | ||
| 245 | _aMathematics for Economics and Business | ||
| 250 | _a9th ed | ||
| 260 |
_aNew York: _bPearson, _c2018 |
||
| 300 |
_ax, 738p.: _bill.; 26cm |
||
| 500 | _aIncludes Bibliographical References and Index | ||
| 942 |
_2ddc _cBK _n0 |
||
| 999 |
_c21893 _d21893 |
||